00581nam a2200181Ia 4500952012500000999001700125003000400142005001700146008004100163040000900204082001700213100002500230245004200255260004000297300000900337650001300346942004000359 00102ddc40708FICaMESbMEScENGd2019-02-20g4.50l0o823.8 HOP/Pp2081r2019-02-20 00:00:00w2019-02-20yBKzGR21R2 c11922d11922OSt20201027121615.0190216s9999||||xx |||||||||||||| ||und|| coclc a823.8bHOP/P aHope, Anthony 96110 4aThe Prisoner Of Zenda /cAnthony Hope bJ M Dent &sons Ltd,c1963.aLondon: a200p aSpeeches cBK2ddch823.8iHOP/Pk823.8mHOP/P